Environmental Criminology: Spatial Analysis and Regional Issues (Record no. 60119)

MARC details
000 -LEADER
fixed length control field 00915nam a22002417a 4500
005 - DATE AND TIME OF LATEST TRANSACTION
control field 20260203130326.0
008 - FIXED-LENGTH DATA ELEMENTS--GENERAL INFORMATION
fixed length control field 260203b |||||||| |||| 00| 0 eng d
020 ## - INTERNATIONAL STANDARD BOOK NUMBER
International Standard Book Number 978-1-78743-377-9
050 ## - LIBRARY OF CONGRESS CALL NUMBER
Classification number HV6150
Item number .L46 2018
100 ## - MAIN ENTRY--PERSONAL NAME
Personal name Leonard, Liam
245 ## - TITLE STATEMENT
Title Environmental Criminology: Spatial Analysis and Regional Issues
250 ## - EDITION STATEMENT
Edition statement First edition.
260 ## - PUBLICATION, DISTRIBUTION, ETC. (IMPRINT)
Place of publication, distribution, etc Bingley, UK
Name of publisher, distributor, etc Emerald Publishing Limited
Date of publication, distribution, etc 2018
300 ## - PHYSICAL DESCRIPTION
Extent x ,146 p. ;
Dimensions 24 cm.
440 ## - SERIES STATEMENT/ADDED ENTRY--TITLE
Title Advances in Sustainability and Environmental Justice Volume 20
500 ## - GENERAL NOTE
General note Includes bibliographical references and index.
650 ## - SUBJECT ADDED ENTRY--TOPICAL TERM
Topical term or geographic name as entry element Crime
General subdivision Environmental aspects.
650 ## - SUBJECT ADDED ENTRY--TOPICAL TERM
Topical term or geographic name as entry element Regional disparities
General subdivision Case studies.
650 ## - SUBJECT ADDED ENTRY--TOPICAL TERM
Topical term or geographic name as entry element Criminology.
650 ## - SUBJECT ADDED ENTRY--TOPICAL TERM
Topical term or geographic name as entry element Human beings
General subdivision Effect of environment on.
856 ## - ELECTRONIC LOCATION AND ACCESS
Uniform Resource Identifier https://www.emerald.com/books/edited-volume/12022/Environmental-CriminologySpatial-Analysis-and
942 ## - ADDED ENTRY ELEMENTS (KOHA)
Source of classification or shelving scheme Library of Congress Classification
Item type E-book
Holdings
Withdrawn status Lost status Source of classification or shelving scheme Damaged status Not for loan Home library Current library Date acquired Total Checkouts Full call number Date last seen Uniform Resource Identifier Price effective from Koha item type
    Library of Congress Classification   Not For Loan Nairobi Campus Nairobi Campus 03/02/2026   HV6150 .L46 2018 03/02/2026 https://www.emerald.com/books/edited-volume/12022/Environmental-CriminologySpatial-Analysis-and 03/02/2026 E-book